| 000 | 00743nam a2200217Ia 4500 | ||
|---|---|---|---|
| 003 | GCL | ||
| 008 | 140319s9999 xx 000 0 ara d | ||
| 040 |
_aGCL / _cGCL |
||
| 082 | 0 | 4 |
_a244.03 _bم م |
| 100 | 1 | _aمحمود روحانى | |
| 245 | 1 | 0 |
_aالمعجم الاحصائى لالفاظ القرأن الكريم : فرمنك آمارى كلمات قرآن كريم / _cمحمود روحانى |
| 260 |
_a[S.N] : _bمؤسسة طبع ونشر الاستانة ، _c1987 |
||
| 300 | _aمتعدد | ||
| 490 | _a | ||
| 650 | 0 | 4 | _aالالفاظ |
| 650 | 0 | 4 | _aاللغة العربية |
| 650 | 0 | 4 | _aالبلاغة العربية |
| 650 | 0 | 4 | _aالمعاجم العربية |
| 650 | 0 | 4 | _aالقران - الفاظ |
| 942 |
_2ddc _cBK |
||
| 999 |
_c37461 _d37461 |
||